[Event "Perenyi Memorial"]
[Site "Gyula"]
[Date "2000.01.26"]
[Round "3"]
[White "Li, Wenliang"]
[Black "Danner, Georg"]
[Result "1-0"]
[WhiteElo "2444"]
[BlackElo "2443"]
[Annotator "King,D"]
[PlyCount "67"]
[EventDate "2000.01.24"]
[EventType "tourn"]
[EventRounds "13"]
[EventCountry "HUN"]
[EventCategory "9"]
[SourceTitle "CBM 076"]
[Source "ChessBase"]
[SourceDate "2000.05.31"]
[SourceVersion "1"]
[SourceVersionDate "2000.05.31"]
[SourceQuality "1"]

1. d4 Nf6 2. Nf3 e6 3. c4 c5 4. d5 exd5 5. cxd5 g6 6. Nc3 Bg7 7. e4 d6 8. h3
O-O 9. Bd3 a6 10. a4 Re8 11. O-O c4 12. Bc2 Nbd7 13. Be3 Qc7 14. Re1 Nc5 15.
Bd4 Bd7 16. a5 Bb5 17. Qd2 Rac8 18. Re2 Nb3 19. Bxb3 cxb3 20. Nxb5 axb5 21.
Rae1 Qc4 22. Qd1 Qb4 23. Re3 Rc2 24. Bc3 Qa4 25. e5 {White makes the classic
Benoni pawn break. The d-pawn proves too much for Black as the 'attacking'
queen and rook are out in Siberia, unable to assist with the defence.} dxe5 26.
d6 Rd8 27. Bxe5 Nd7 28. Bxg7 Kxg7 29. Re4 $1 {Nice touch. If the rook had
landed on e7 straightaway, Black's queen could have moved to f4, contributing
to the defence. By interpolating Re4, Black is forced to block the queen's
path.} Rc4 ({Neither} 29... Qxa5) ({nor} 29... Qa2 {would have improved
matters: the queen cannot defend f7.}) 30. Re7 Rf4 31. Ng5 Nf8 32. g3 Rf6 33.
Ne4 Re6 34. Qf3 {The d-pawn drew Black's rook and knight away from the defence
of the king like a magnet, making it a relatively easy task for White's attack
to succeed.} 1-0

[Event "Asti op 17th"]
[Site "Asti"]
[Date "1996.10.12"]
[Round "8"]
[White "Krasenkow, Michal"]
[Black "Mrdja, Milan"]
[Result "1-0"]
[WhiteElo "2605"]
[BlackElo "2455"]
[Annotator "Krasenkow,M"]
[PlyCount "55"]
[EventDate "1996.10.??"]
[EventType "swiss"]
[EventRounds "9"]
[EventCountry "ITA"]
[SourceTitle "CBM 057"]
[Source "ChessBase"]
[SourceDate "1997.04.01"]
[SourceVersion "1"]
[SourceVersionDate "1997.04.01"]
[SourceQuality "1"]

1. d4 Nf6 2. c4 c5 3. d5 e6 4. Nc3 exd5 5. cxd5 d6 6. e4 g6 7. h3 Bg7 8. Nf3
O-O 9. Bd3 b5 10. Nxb5 Re8 11. O-O Nxe4 12. Re1 Nf6 $6 $146 (12... a6) 13. Bf4
Rxe1+ 14. Nxe1 Bf8 $6 {><Bf8} (14... Ne8 $14) 15. Nc2 a6 16. Nc3 Nbd7 17. Ne3
$16 Nb6 18. Bg5 $1 (18. Qf3 Nh5 19. Bh2 Qf6) 18... Be7 19. Qf3 Ra7 (19... Ne8
20. Bf4) (19... Nh5 $5) 20. Bf4 $1 $16 Ne8 21. Re1 Bf6 22. Ng4 Bxg4 23. hxg4
Nc7 $2 (23... Re7 24. Rxe7 Qxe7 25. Bxa6) (23... a5 $16) 24. Bxd6 $1 $18 Bxc3
25. Re7 $1 (25. Bxc7 $2 Rxc7 26. bxc3 c4 27. Be4 Qd6 $16) 25... Qxe7 (25... f5
26. Rxc7 (26. Bxf5 $6 Bf6 $1 27. Bxc7 $1 Qxe7 28. Be6+ Kg7 29. Bxb6 Ra8 $16)
26... Rxc7 27. Bxc7 Qxc7 28. bxc3 c4 29. Bf1 $18) (25... f6 26. Qh3 h5 27. Rxc7
Rxc7 28. Bxc7 Qxc7 29. bxc3 $18) 26. Bxe7 Ncxd5 27. Bxc5 Bxb2 $6 28. Qe2 1-0

[Event "Rubinstein Memorial 32nd"]
[Site "Polanica Zdroj"]
[Date "1995.??.??"]
[Round "2"]
[White "Krasenkow, Michal"]
[Black "De Firmian, Nick E"]
[Result "1-0"]
[WhiteElo "2590"]
[BlackElo "2605"]
[Annotator "Krasenkow,M"]
[PlyCount "141"]
[EventDate "1995.08.??"]
[EventType "tourn"]
[EventRounds "11"]
[EventCountry "POL"]
[EventCategory "14"]
[SourceTitle "CBM 049"]
[Source "ChessBase"]
[SourceDate "1995.12.01"]
[SourceVersion "1"]
[SourceVersionDate "1995.12.01"]
[SourceQuality "1"]

1. d4 Nf6 2. c4 e6 3. Nf3 c5 4. d5 exd5 5. cxd5 d6 6. Nc3 g6 7. h3 Bg7 8. e4
O-O 9. Bd3 b5 10. Nxb5 Re8 11. O-O Nxe4 12. Re1 a6 13. Qa4 $146 (13. Na3) 13...
Bd7 (13... Nd7 14. Rxe4) 14. Qa3 Qb6 15. Nc3 Nxc3 (15... Nf6 16. Bf4 $14 {xBd7}
) 16. Rxe8+ Bxe8 17. bxc3 Nd7 18. Bf4 $14 {()} Qc7 19. Rb1 Nb6 20. c4 a5 21.
Ng5 {/\22.Ne4} (21. Bf1 $5) 21... Nd7 $1 22. Bf1 Ne5 23. Nf3 (23. Ne4 h6 {
/\24...f5<=>}) 23... Nxf3+ 24. Qxf3 Rb8 25. Re1 $1 Bd7 26. Qg3 Bf8 27. Bd3 Re8
(27... Rb2 $5 28. Ra1) 28. Rf1 Ba4 29. h4 Qe7 $6 (29... h5 $142) 30. Bg5 Qc7
31. h5 Bg7 32. Bf4 Bf8 (32... Be5 33. Bxe5 dxe5 (33... Rxe5 34. hxg6 hxg6 35.
f4) 34. Rb1 Rb8 35. Re1 Re8 36. Bb1 $16) 33. h6 $5 {/^a1-h8} Qe7 34. Bg5 f6 35.
Bd2 $1 Kf7 36. Rb1 Qc7 37. Bc3 Rb8 38. Rf1 Bd7 39. Qh4 Qd8 40. g4 f5 $2 (40...
Be7 41. f4 $16) 41. g5 a4 42. f4 Be7 43. Qg3 {/\Qe3-d2,Ba1,Qc3} (43. Qe1 $2
Bxg5) 43... Qc8 44. Qe1 Qa6 45. Ba1 Rg8 46. Qc3 Bd8 47. Rb1 Be7 48. Kf2 Qa7 49.
Ke2 Qa6 50. Qb2 Qa7 51. Qb7 Ra8 52. Qb2 (52. Qxa7 $6 Rxa7 53. Rb8 Be8) 52...
Rg8 53. Kd1 (53. Bc2 $5 {/\54.Kd3}) 53... Qc7 (53... Qa6 54. Qb7 Bc8 55. Qc7) (
53... Qa8 54. Qb7 Rd8 55. Qc7) 54. Qb7 Rc8 55. Bc2 $1 {Zugzwang!} Qxb7 (55...
Be8 56. Qb2) (55... Bf8 56. Qb2) (55... Qd8 56. Qb2 Qf8 57. Qg7+ Qxg7 58. hxg7
$18) 56. Rxb7 Ke8 57. Ra7 Bd8 58. Bxa4 $6 (58. Bxf5 $1 Bxf5 59. Rxh7 Rb8 60.
Rh8+ Kd7 61. Bf6 Rb1+ 62. Ke2 Ba5 63. Rh7+ Kc8 64. Ra7 Bg4+ 65. Kf2 $18) 58...
Bxa4+ (58... Rc7 59. Bxd7+ Kxd7 60. Ra6 {- 58...Bxa4+}) 59. Rxa4 Bb6 (59... Kd7
{/\Bb6,Kc7,Re8} 60. Ra7+ $3 (60. Ra6 $2 Bc7 (60... Rb8 61. Rxd6+ $1) 61. Bc3 (
61. a4 Rb8 $1 (61... Re8 62. Bc3)) 61... Rb8 (61... Re8 62. Ra7 Kc8 63. Ba5
Bxa5 64. Ra8+ Kd7 65. Rxa5 $18) 62. Ba5 (62. Ra3 Bb6) (62. Kc2 Kc8 63. a4 (63.
Ba5 Bxa5 64. Rxa5 Kb7) 63... Kb7 64. Rc6 Ra8 65. Kb3 Ra6 66. a5 Rxc6 67. dxc6+
Kxc6 68. Ka4 Bb8 (68... d5 69. cxd5+ Kxd5 70. Be5) 69. Bg7 Bc7 70. Bf6 Bb8 71.
Bd8 Ba7 $10 (71... d5 72. cxd5+ Kxd5 73. Kb5 Bxf4 74. a6 Bb8 75. Kb6 c4 76. Kb7
$18)) (62. a4 Kc8) 62... Bxa5 63. Rxa5 Kc7) 60... Rc7 (60... Bc7 61. Bc3 Kd8
62. a4 Rb8 63. a5 Kc8 64. a6 $18) 61. Ra6 Rb7 62. Bc3 Bc7 (62... Bb6 63. Ra8)
63. a4 (63. Ra8 Rb8 64. Rxb8 Bxb8 65. Kc2 Kc7 66. Kb3 Kb6 67. Ka4 Ka6 68. Ba5
$18) 63... Rb6 64. Ra7 Kc8 65. a5 Rb7 66. Ra6 Rb8 67. Rc6 $18) 60. Ra6 $1 Rb8
61. a4 Kd7 62. a5 Bc7 63. Bc3 Kc8 64. Rc6 (64. Kc2 $4 Kb7 65. Rc6 Ra8 $10)
64... Kd7 65. Kc2 Kc8 66. a6 Kd7 67. a7 Ra8 68. Ra6 Kc8 69. Ra1 (69. Kb3 Kb7
70. Ra1 $18) 69... Bd8 (69... Bb6 70. Re1 Kd7 71. Bf6 Rxa7 (71... Bd8 72. Bxd8
Kxd8 73. Ra1 Kc7 74. Ra6 $18) 72. Re7+ Kc8 73. Re8+ Kb7 74. Rh8 Ka6 75. Bg7 $18
) 70. Bf6 Kb7 (70... Bxf6 71. gxf6 Kd8 (71... Kd7 72. Re1) 72. Rb1) 71. Re1 1-0

[Event "POL-ch 53rd"]
[Site "Brzeg Dolny"]
[Date "1996.??.??"]
[Round "14"]
[White "Krasenkow, Michal"]
[Black "Oliwa, Marek"]
[Result "1-0"]
[WhiteElo "2610"]
[BlackElo "2440"]
[Annotator "Krasenkow,M"]
[PlyCount "83"]
[EventDate "1996.03.09"]
[EventType "tourn"]
[EventRounds "15"]
[EventCountry "POL"]
[EventCategory "9"]
[SourceTitle "CBM 053"]
[Source "ChessBase"]
[SourceDate "1996.08.01"]
[SourceVersion "1"]
[SourceVersionDate "1996.08.01"]
[SourceQuality "1"]

1. d4 Nf6 2. c4 c5 3. d5 d6 4. Nc3 g6 5. e4 Bg7 6. h3 O-O 7. Nf3 e6 8. Bd3 exd5
9. cxd5 Nh5 10. O-O Nd7 11. Bg5 Bf6 12. Be3 a6 13. a4 Re8 14. Nd2 $6 $146 (14.
Qd2 $1 Rb8 15. Rab1 Qa5 16. g4 Ng7 17. Bf4 Ne5 18. Nxe5 Bxe5 19. Bxe5 dxe5 20.
f4 $14 {Garcia Ilundain,D-Romanishin,O, Terrassa 1991 -Inf.52/(93)}) 14... Bd4
$1 15. Bxd4 cxd4 16. Ne2 Nc5 17. Ra3 (17. Qc2 f5 $1) 17... Bd7 18. Bc2 d3 19.
Bxd3 Bxa4 20. Rxa4 Nxd3 21. Rd4 Ndf4 (21... Nhf4 $1 22. Nxf4 Nxf4 $10) 22. Nc3
$1 $14 Qf6 23. Nc4 (23. Nf3 $1 $14) 23... g5 $2 (23... b5 24. Ne3 Rab8 $132 {
/\25...b4}) 24. Kh2 (24. g3 $5 Nxh3+ 25. Kg2 N5f4+ 26. gxf4 Nxf4+ 27. Kg3 $16)
24... Ng7 25. g3 Ng6 26. f4 $1 b5 27. Ne3 (27. e5 $5 dxe5 28. fxe5 Qe7 (28...
Qd8 29. e6 fxe6 30. dxe6 Qb8 31. Nd6 Rxe6 32. Nce4 $16) 29. Nd6 Rf8 30. Nf5
Nxf5 31. Rxf5 $16) 27... h5 $8 28. fxg5 Qxg5 29. Nf5 $1 h4 30. gxh4 Nxh4 31.
Qg4 (31. Rg1 Qf4+ 32. Kh1 Nhxf5 (32... Ng6 33. Rf1 Qg5 34. Rd2 $16) 33. exf5
Qxf5 34. Qg4 Qf6 35. Rd3 (35. Rf4 Qh6 36. Ne4 f5) 35... Kh8 36. Ne4 Qh6 37.
Nxd6 $16) 31... Qxg4 32. Nh6+ $6 (32. hxg4 Nhxf5 33. exf5 $16) 32... Kh7 33.
Nxg4 Nh5 $1 34. e5 (34. Rxf7+ Kg6 35. Rf2 Rf8 $132) 34... Kg7 $2 (34... dxe5
35. Nxe5 (35. Nf6+ Nxf6 36. Rxh4+ Kg6 37. Rg1+ Kf5 38. Rh6 Ng8 39. Rh5+ Kf6 40.
Ne4+ Ke7 41. Rxe5+ Kd7 $10) 35... Rxe5 36. Rxh4 Kg7 37. Rg4+ Kf8 38. d6 $14)
35. Ne3 $18 (35. Nf6 Rxe5 36. Rxh4 Nxf6 37. Rg1+ $18) 35... Ng6 36. Nf5+ Kh7
37. Nxd6 Rxe5 38. Rxf7+ Kh8 39. Rg4 Rg8 (39... Ne7 40. Re4 Rxe4 41. Ndxe4 Ng6
42. d6) 40. Ra7 Re7 (40... Re1 41. Nf7+ Kg7 42. Ne4 Re2+ 43. Kg1 $18) 41. Rxe7
Nxe7 42. Rh4 1-0

[Event "Grenke Chess Classic 6th"]
[Site "Karlsruhe/Baden Baden"]
[Date "2019.04.29"]
[Round "9"]
[White "Keymer, Vincent"]
[Black "Vallejo Pons, Francisco"]
[Result "0-1"]
[WhiteElo "2516"]
[BlackElo "2693"]
[Annotator "Krasenkow,M"]
[PlyCount "72"]
[EventDate "2019.04.20"]
[EventType "tourn"]
[EventRounds "9"]
[EventCountry "GER"]
[EventCategory "19"]
[SourceTitle "CBM 190"]
[Source "ChessBase"]
[SourceDate "2019.06.30"]
[SourceVersion "1"]
[SourceVersionDate "2019.06.30"]
[SourceQuality "1"]

{[%evp 0,72,19,25,23,8,0,-4,38,30,77,73,82,69,116,95,95,105,94,88,94,87,104,89,
101,91,124,83,83,68,96,106,101,107,119,117,104,109,108,117,128,135,290,-5,-33,
19,12,-66,0,-121,-154,-154,-154,-154,-176,-199,-190,-215,-220,-207,-220,-220,
-233,-280,-226,-268,-259,-248,-260,-292,-260,-296,-325,-312,-338]} 1. d4 Nf6 2.
c4 e6 3. Nf3 c5 4. d5 d6 5. Nc3 exd5 6. cxd5 g6 7. h3 Bg7 8. e4 O-O 9. Bd3 a6
10. a4 Nh5 11. g4 {This move is quite rare and looks somewhat premature as
Black can undermine White's pawn structure by means of ...h7-h5. Still, it
deserves serious attention.} Nf6 12. Bf4 (12. Bg5 Nbd7 13. Qd2 Re8 14. Kf1 c4
15. Bc2 Qb6 16. Rb1 Nc5 17. Qf4 Nfd7 18. Bh6 Bh8 19. Kg2 Ne5 $13 {1/2 (37)
Moskalenko,V (2520)-Dochev,D (2430) Pardubice 1994}) 12... Ne8 {Apparently
renouncing the idea ...h7-h5 in favor of ...f7-f5. But...} (12... h5 13. Nd2 $1
hxg4 14. Nc4 $1 gxh3 15. Be2 $1 $16 {preventing ...Nf6-h5} (15. Bxd6 $143 Re8
16. Qf3 b5 17. axb5 axb5 18. Rxa8 bxc4 19. Bf4 cxd3 20. Rxb8 {1-0 (43) Barsov,
A (2517)-Reinaldo Castineira,R (2458) Mondariz 2007} Nxe4 21. Nxe4 Qa5+ 22. Kd1
Qa4+ $19)) (12... Qe7 13. Kf1 Nbd7 14. Qd2 h5 15. Bg5 Ne5 16. Nxe5 Qxe5 17. f3
Nh7 18. Be3 Bd7 19. Kg2 $14 {1/2 (44) Razmyslov,A (2431)-Spraggett,K (2586)
Seville 2010}) 13. Qd2 (13. Qe2 {looks less natural.} f5 $6 (13... Nd7) 14.
gxf5 gxf5 15. exf5 Nc7 16. Rg1 Re8 17. Ne4 Bxf5 18. O-O-O $18 {1-0 (30)
Richter,M (2410)-Andersson,N (1996) Hamburg 1999}) 13... Nd7 14. O-O h5 {Still!
} 15. gxh5 Ne5 16. Nxe5 dxe5 17. Bg5 $1 f6 18. Be3 c4 $5 {Black continues
complicating the game.} (18... Bxh3 {was more normal but White could have
replied with} 19. d6 $1 Bxf1 (19... Nxd6 20. Rfd1 $16) 20. Bxf1 Qxd6 (20...
Nxd6 21. Rd1) 21. Bc4+ Kh8 (21... Kh7 22. hxg6+ Kxg6 23. Qe2 {[%csl Rg6]}) 22.
h6 $16) 19. Bxc4 (19. Be2 $5 Bxh3 (19... Nd6 20. Kh2 Qd7 21. Rh1 $1) 20. d6 $1
{was probably more promising.}) 19... Nd6 {[%mdl 2048]} 20. Qe2 $2 {It is easy
to make a mistake in such a complicated position.} (20. Be2 Bxh3 (20... f5 21.
Bg5) 21. Rfe1 f5 $13) 20... f5 $1 21. f4 Qh4 {Black starts a strong
counter-attack.} 22. Bc5 Qg3+ 23. Kh1 (23. Qg2 $142 Qxg2+ 24. Kxg2 Nxc4 25.
Bxf8 Kxf8 26. Rae1 exf4 27. Rxf4 g5 $1 28. Rf2 f4 $17) 23... Qxh3+ 24. Qh2
Qxh2+ 25. Kxh2 Nxc4 26. Bxf8 Kxf8 27. hxg6 exf4 {White can't recapture this
pawn, and Black's advantage becomes decisive.} 28. exf5 Bxf5 29. Rae1 Re8 30.
Rxe8+ Kxe8 31. Re1+ Be5 32. Nd1 Bxg6 33. Kg2 Bc2 34. Kf3 Kd7 35. Nf2 Kd6 36.
Rc1 Ne3 0-1

[Event "EU-ch 12th"]
[Site "Aix les Bains"]
[Date "2011.03.24"]
[Round "3"]
[White "Raznikov, Danny"]
[Black "Jobava, Baadur"]
[Result "1/2-1/2"]
[WhiteElo "2384"]
[BlackElo "2707"]
[Annotator "Marchand,A/Primel,D"]
[PlyCount "83"]
[EventDate "2011.03.22"]
[EventType "swiss"]
[EventRounds "11"]
[EventCountry "FRA"]
[SourceTitle "CBM 142 Extra"]
[Source "ChessBase"]
[SourceDate "2011.06.27"]
[SourceVersion "1"]
[SourceVersionDate "2011.06.27"]
[SourceQuality "1"]
[TimeControl "40/5400+30:1800+30"]

1. d4 Nf6 2. c4 e6 3. Nf3 c5 4. d5 exd5 5. cxd5 g6 6. Nc3 Bg7 7. e4 O-O 8. Bd3
d6 9. h3 a6 (9... b5 {[%csl Re1,Re4] La grande ligne} 10. Nxb5) 10. a4 Nbd7 11.
O-O Nh5 12. Bg5 Bf6 13. Bh6 (13. Be3 Re8 14. Re1) 13... Re8 ({RR} 13... Bg7 14.
Bxg7 Kxg7 15. Qd2 Qf6 16. Ne2 Re8 17. Qc3 Qxc3 18. bxc3 Nb6 19. Nd2 c4 20. Bxc4
Nxc4 21. Nxc4 Rxe4 22. Nd4 Nf4 23. Nb6 Rb8 24. Rfe1 Re5 25. Nf3 Re2 26. Rxe2
Nxe2+ 27. Kf1 Nf4 28. Nd4 {Granda Zuniga,J (2644)-Gashimov,V (2740)/Ourense
2009/EXT 2010/1-0 (55)}) 14. Re1 Rb8 15. Be2 Ng7 $146 ({RR} 15... Bg7 16. Bg5
Qc7 17. Nd2 h6 18. Be3 Nhf6 19. Bf4 Ne5 20. Nc4 Nxc4 21. Bxc4 Nd7 22. Bf1 Ne5
23. Be3 g5 24. Qc2 f5 25. exf5 Qf7 26. Qd2 Bxf5 27. f4 gxf4 28. Bxf4 Qg6 29.
Kh1 Kh8 30. Bh2 {Olarasu,G (2415)-Georgiev,K (2655)/Bad Woerishofen 2002/EXT
2003/0-1 (33)}) (15... Bxc3 16. bxc3 Rxe4 17. Nd2 $44 {[%csl Rg7,Gh6]}) 16. Bf4
Nf8 17. Nd2 g5 18. Bh2 Ng6 19. Nc4 Nf4 20. Bg4 b5 21. axb5 axb5 22. Na5 b4 23.
Nc6 bxc3 $3 {Un joli sacrifice de Q} 24. Nxd8 cxb2 25. Rb1 Rxd8 26. Bxf4 gxf4
27. Bxc8 Rdxc8 $44 {[%csl Gb8,Gc5,Gc8][%cal Gc5c2]} 28. e5 $1 Bxe5 29. Rxe5 $1
dxe5 30. Qe2 f3 $1 31. Qxe5 (31. Qxf3 $2 c4 $40 {[%cal Gc4c3]}) 31... Re8 32.
Qc3 Re2 33. Qxf3 $6 {Il fallait laisser la Q sur la colonne "c"} (33. Kf1)
33... Rc2 $1 {[%cal Gc2c1]} 34. Qd1 Rc4 35. Qd2 Rcb4 36. Qc3 R4b5 37. h4 (37.
d6 Ne6) 37... h5 38. d6 Ne6 39. Kh2 R5b6 40. Qc2 (40. Qg3+) 40... Rb5 41. g3 c4
42. Qc3 1/2-1/2